000 00378nam a22001457a 4500
999 _c4304
_d4304
008 200730b ||||| |||| 00| 0 eng d
082 0 0 _a370
_bU567
110 _92084
_aUNESCO
245 1 0 _aWorld handbook of educational organisation and statistics /
_cby UNESCO
260 _aParis :
_bUNESCO,
_c1952.
300 _a469 p.
365 _d38.10
650 0 _aEducation
942 _cBK